00655 2200229 4500001002100000005001500021035002000036007000300056008004100059020002200100082001500122084002100137100002500158245005200183260003400235300004600269700001800315505005100333600001800384600001200402250001100414INLIS00000000000203320250312092459 a0010-0325000033ta250312 b 1 ind  a978-602-407-536-1 a398.209598 a398.209598 SUP d0 aSuprapti (Pengarang)1 aDongeng 100 kota /cSuprapti, dkk; Editor, Adib aYogyakarta :bLakasana,c2019 a162 cm :bilust.,gambar,berwarna ;c27 cm0 aAdib (Editor) aBerisi dongeng-dongeng kota- kota di indonesia 4aCerita rakyat 4aDongeng aCet. I